| 000 | 00870nam a2200229 i 4500 | ||
|---|---|---|---|
| 001 | 148852 | ||
| 003 | ES-MaACL | ||
| 005 | 20230906202834.0 | ||
| 007 | t| | ||
| 008 | 070214s1964 sp |||| |cspa d | ||
| 100 | 1 |
_aSuetonio Tranquilo, Cayo. _9108733 |
|
| 245 | 1 | 0 |
_aVida de los doce césares / _cSuetonio ; texto revisado y traducido por Mariano Bassols de Climent. |
| 260 |
_aBarcelona : _bAlma Mater, _c1964 ( _fTall. Tip. Bernabé Clarasó) |
||
| 300 |
_aLXVIII, 164 p. ; _c22 cm. |
||
| 490 | 1 | _aColección hispánica de autores griegos y latinos | |
| 650 | 4 |
_aEmperadores- _zRoma- _xBiografías. _9162493 |
|
| 651 | 4 |
_aRoma- _xBiografías- _vObras anteriores a 1800. _9162509 |
|
| 700 | 1 |
_aBassols de Climent, Mariano. _926336 |
|
| 830 | 1 |
_aColección hispánica de autores griegos y latinos _9182969 |
|
| 852 |
_aES-MaACL _jE-4819 |
||
| 999 |
_c148852 _d148852 |
||